000 00500nam a2200193Ia 4500
005 20250326141031.0
008 250326s9999 xx 000 0 und d
020 _a0-5660-7798-1
037 _aTextbook
040 _aFMSL
_beng
_cFMSL
041 _aeng
_2eng
084 _aX:89A N9
_qFMSL
100 _aHutchins D
_9743570
245 0 _aJust in time
_cHutchins D
260 _aEngland
_bEngland, Gowr
_c1999
300 _a236p
942 _cTB
_hX:89A N9
999 _c1288397
_d1288397